000 00692nam a2200265 i 4500
001 C2-0303313
003 PPAK
005 20180728084216.0
008 100322s2003 my |||| ||||| | eng d
020 _a983411916X
040 _aPPAK
_beng
_cPPAK
_erda
082 0 4 _a153.4
_223
090 0 0 _a153.4
_bLAN
_dR
100 1 _aLangrehr, John,
_eauthor
245 1 0 _aThinking skills
264 1 _aKuala Lumpur :
_bTC Publishing ,
_c2003
300 _axiii, 151 pages ;
_c23 cm
336 _2rdacontent
_atext
337 _2rdamedia
_aunmediated
338 _2rdacarrier
_avolume
490 1 _aTeaching children
650 1 0 _aReasoning.
830 0 _aTeaching children
942 _ddc
_cB
999 _c106605
_d106605